000 00424nam a2200157 4500
001 133320
003 ES-MaACL
005 20230906194356.0
007 t|
008 070214q1940 gw r ||||1| ger d
100 1 _aRothe, Carl.
_999965
245 1 0 _aOlivia
_b: roman /
_cCarl Rothe.
260 _aLeipzig :
_b[s.n.],
_c[1940?] (
_fImp. Susel-verlag)
300 _a384 p. ;
_c20 cm.
852 _aES-MaACL
_jA-5365
_bR.18765
999 _c133320
_d133320